<?xml version="1.0" encoding="UTF-8"?>
<record
    xmlns:xsi="http://www.w3.org/2001/XMLSchema-instance"
    xsi:schemaLocation="http://www.loc.gov/MARC21/slim http://www.loc.gov/standards/marcxml/schema/MARC21slim.xsd"
    xmlns="http://www.loc.gov/MARC21/slim">

  <leader>01505nam a22002417a 4500</leader>
  <controlfield tag="003">OSt</controlfield>
  <controlfield tag="005">20211210120507.0</controlfield>
  <controlfield tag="008">120530t        xxu||||| |||| 00| 0 eng d</controlfield>
  <datafield tag="040" ind1=" " ind2=" ">
    <subfield code="c">LC</subfield>
  </datafield>
  <datafield tag="050" ind1=" " ind2=" ">
    <subfield code="a">KF1600.P65</subfield>
  </datafield>
  <datafield tag="100" ind1=" " ind2=" ">
    <subfield code="q">Pinkham, Brian</subfield>
  </datafield>
  <datafield tag="245" ind1=" " ind2=" ">
    <subfield code="a">The legal environment of the multinational enterprise. /</subfield>
    <subfield code="c">Brian Pinkham</subfield>
  </datafield>
  <datafield tag="246" ind1=" " ind2=" ">
    <subfield code="a">BUS 4575 - October 2013</subfield>
  </datafield>
  <datafield tag="260" ind1=" " ind2=" ">
    <subfield code="a">London, Ontario:</subfield>
    <subfield code="b">Ivey Business School, </subfield>
    <subfield code="c">2013.</subfield>
  </datafield>
  <datafield tag="300" ind1=" " ind2=" ">
    <subfield code="a">[various pagings].:</subfield>
    <subfield code="b">ill.;</subfield>
  </datafield>
  <datafield tag="490" ind1=" " ind2=" ">
    <subfield code="a">Business case studies</subfield>
  </datafield>
  <datafield tag="500" ind1=" " ind2=" ">
    <subfield code="a">Includes index.</subfield>
  </datafield>
  <datafield tag="505" ind1=" " ind2=" ">
    <subfield code="a">Contents: Business cases: Amway in China (B): adapting to a changing environment -- Amway in China (A): a new business model -- Fishy issues: the U.S. shrimp antidumping case -- Mattel and the toy recalls (A) -- Mattel and the toy recalls (B) -- Power play (A): Nintendo in 8-bit video games -- Legal cases and articles: Getting to know multinational enterprises -- FRIGALIMENT IMPORTING CO., Ltd., Plantiff,v. B.N.S. INTERNATIONAL SALES CORP., Defendant -- Mitsubishi motors corporation, Plaintiff, Appellee, v. Soler Chrysler-Plymouth, Inc., Defendant, Appellant -- Convention on the recognition and enforcement of foreign arbitral awards -- Institutions -- Reflections: the past and future of research on institutions and institutional change -- Economic instruments - charges and taxes: Sulphur tax (Sweden) --</subfield>
  </datafield>
  <datafield tag="650" ind1=" " ind2=" ">
    <subfield code="a">Accounting. </subfield>
  </datafield>
  <datafield tag="653" ind1=" " ind2=" ">
    <subfield code="a"> Industrial laws and legislation </subfield>
  </datafield>
  <datafield tag="710" ind1=" " ind2=" ">
    <subfield code="b">Ivey Business School</subfield>
  </datafield>
  <datafield tag="942" ind1=" " ind2=" ">
    <subfield code="2">lcc</subfield>
    <subfield code="c">BK</subfield>
  </datafield>
  <datafield tag="999" ind1=" " ind2=" ">
    <subfield code="c">8239</subfield>
    <subfield code="d">15739</subfield>
  </datafield>
  <datafield tag="952" ind1=" " ind2=" ">
    <subfield code="0">0</subfield>
    <subfield code="1">0</subfield>
    <subfield code="2">lcc</subfield>
    <subfield code="4">0</subfield>
    <subfield code="7">0</subfield>
    <subfield code="a">WIUC-KL</subfield>
    <subfield code="b">WIUC-KL</subfield>
    <subfield code="c">GEN</subfield>
    <subfield code="d">2019-11-11</subfield>
    <subfield code="h">LEG/Pin</subfield>
    <subfield code="o">KF1600.P65</subfield>
    <subfield code="p">K/1683/1683/19</subfield>
    <subfield code="r">2021-12-09 00:00:00</subfield>
    <subfield code="w">2021-12-09</subfield>
    <subfield code="y">BK</subfield>
    <subfield code="z">Part of the Ivey Collection. Shelved alphabetically by title</subfield>
  </datafield>
</record>
